000 00896cab a2200241 4500
001 WB3234-28
008 090401t1996 xxu||||| |||| 00| 0 eng d
035 _a(Sirsi) u55614
041 _aeng
245 _aLondon offices converted to homes?
260 _c1996
350 _a0
490 _aTimes
_v7 September 1996, B6
520 _aThe LPAC is urging London boroughs to convert offices to flats to provide for a huge increase in demand for accommodation in London. Meanwhile a report from London Residential Research says that 200 office buildings in London could be converted into flats due to a fall in the demand for offices
650 _aCONVERSION
650 _aLONDON RESIDENTIAL RESEARCH
650 _aLONDON
650 _aOFFICES
650 _aRESIDENTIAL USE
690 _aPROPERTY-RESIDENTIAL PROPERTY-RESIDENTIAL PROPERTY MARKET
942 _n0
948 _c04/03/1997
999 _c33992
_d33992